Visualizzazione normale
Vista MARC
- Dole
di Personal Name
Records bibliografici associati: 1
001 - CONTROL NUMBER
- control field: 2997
003 - CONTROL NUMBER IDENTIFIER
- control field: IT-RoPau
005 - DATE AND TIME OF LATEST TRANSACTION
- control field: 20131122160356.0
008 - FIXED-LENGTH DATA ELEMENTS
- fixed length control field: 131122|| aca||aabn | a|a d
040 ## - CATALOGING SOURCE
- Original cataloging agency: IT-RoPau
- Transcribing agency: IT-RoPau
100 ## - HEADING--PERSONAL NAME
- Personal name: Dole
- Dates associated with a name: Codice autore musica SPICS: 13501
- Relator term: Autore musica
- Name of part/section of a work: Miliardi che follia
670 ## - SOURCE DATA FOUND
- Source citation: Work cat.: (IT-RoPau)100118: AA.VV. 794, Tenori (I)-Disco